[Event "WC-2019-S-00005"]
[Site "LSS email"]
[Date "2019.08.28"]
[Round "?"]
[White "Krueger, Hilmar"]
[Black "Mesquita Jr, Fausto Monteiro"]
[Result "1/2-1/2"]
[WhiteElo "2225"]
[BlackElo "2186"]
[PlyCount "70"]
[EventDate "2019.09.01"]
[EventType "tourn (corr)"]
[EventRounds "12"]
[EventCountry "GER"]
[SourceTitle "Corr 2024"]
[Source "ChessBase"]
[SourceDate "2023.10.19"]
[SourceVersion "1"]
[SourceVersionDate "2023.10.19"]
[SourceQuality "1"]

1. e4 c5 2. Nf3 d6 3. d4 cxd4 4. Nxd4 Nf6 5. Nc3 a6 6. Be3 e5 7. Nb3 Be6 8. f3 h5 9. Nd5 Bxd5 10. exd5 Nbd7 11. Qd2 g6 12. 0-0-0 Bg7 13. Kb1 0-0 14. h3 Qc7 15. g4 Rfc8 16. g5 Ne8 17. Na5 Nc5 18. Qb4 e4 19. f4 Bf8 20. Nb3 Bg7 21. Na5 Bf8 22. f5 gxf5 23. Be2 Nd7 24. Qd2 Ng7 25. h4 Ne5 26. Nb3 Qd7 27. Rhf1 Re8 28. Nd4 Rac8 29. c3 Rc5 30. Nc2 Ng6 31. Qe1 b5 32. Nb4 Qb7 33. a3 Rc7 34. Qg3 a5 35. Nc6 Rxc6 1/2-1/2

[Event "WC-2019-S-00005"]
[Site "LSS email"]
[Date "2019.08.28"]
[Round "?"]
[White "Krueger, Hilmar"]
[Black "Morcin, Tom"]
[Result "1/2-1/2"]
[WhiteElo "2225"]
[BlackElo "2180"]
[PlyCount "115"]
[EventDate "2019.09.01"]
[EventType "tourn (corr)"]
[EventRounds "12"]
[EventCountry "GER"]
[SourceTitle "Corr 2024"]
[Source "ChessBase"]
[SourceDate "2023.10.19"]
[SourceVersion "1"]
[SourceVersionDate "2023.10.19"]
[SourceQuality "1"]

1. e4 c5 2. Nf3 d6 3. d4 cxd4 4. Nxd4 Nf6 5. Nc3 a6 6. Be3 e5 7. Nb3 Be6 8. f3 h5 9. Qd2 Nbd7 10. Nd5 Bxd5 11. exd5 g6 12. 0-0-0 Nb6 13. Qa5 Bh6 14. Bxh6 Rxh6 15. Qd2 Rh8 16. f4 exf4 17. Qxf4 Kf8 18. Bd3 Kg7 19. Nd4 Re8 20. Nf5+ gxf5 21. Qg5+ Kh8 22. Bxf5 Nh7 23. Qxh5 Qg5+ 24. Qxg5 Nxg5 25. Rhf1 Nc4 26. h4 Ne4 27. Bxe4 Rxe4 28. Rxf7 b5 29. b3 Ne5 30. Rf6 Rd8 31. Rdf1 Kg7 32. Re6 Rxh4 33. Re7+ Kg6 34. Ra7 Re4 35. Rxa6 Ng4 36. Rb6 b4 37. Rd1 Kf5 38. Rd2 Nf6 39. Kb2 Ke5 40. Rb5 Rc8 41. a3 bxa3+ 42. Kxa3 Re3 43. Rb7 Re8 44. g4 Nxg4 45. Rg7 Nf6 46. Rg5+ Ke4 47. Kb2 Re5 48. Rg7 Rxd5 49. Re7+ Re5 50. Rf7 Re6 51. c4 Ke5 52. Rf2 Rg3 53. Kc2 Rg1 54. Rf8 Rh1 55. Kd3 Rh3+ 56. Kc2 Re3 57. Rf1 Rg3 58. Rf2 1/2-1/2

[Event "WC-2019-S-00005"]
[Site "LSS email"]
[Date "2019.08.28"]
[Round "?"]
[White "Tyutyunnik, Roman"]
[Black "Krueger, Hilmar"]
[Result "1/2-1/2"]
[WhiteElo "2192"]
[BlackElo "2225"]
[PlyCount "67"]
[EventDate "2019.09.01"]
[EventType "tourn (corr)"]
[EventRounds "12"]
[EventCountry "GER"]
[SourceTitle "Corr 2024"]
[Source "ChessBase"]
[SourceDate "2023.10.19"]
[SourceVersion "1"]
[SourceVersionDate "2023.10.19"]
[SourceQuality "1"]

1. e4 c5 2. Nf3 d6 3. d4 cxd4 4. Nxd4 Nf6 5. Nc3 a6 6. Be3 e5 7. Nb3 Be6 8. f3 Be7 9. Qd2 0-0 10. 0-0-0 Nbd7 11. g4 b5 12. g5 b4 13. Ne2 Ne8 14. f4 a5 15. f5 a4 16. fxe6 axb3 17. exf7+ Rxf7 18. Kb1 bxc2+ 19. Qxc2 Bxg5 20. Bxg5 Qxg5 21. Ng3 Kh8 22. Qc6 Qd8 23. Bc4 Rc8 24. Qxc8 Qxc8 25. Bxf7 Ndf6 26. Rhg1 Qb7 27. Bxe8 Nxe8 28. Rdf1 Kg8 29. h4 h6 30. Rd1 Kh7 31. h5 Nc7 32. Rxd6 Nb5 33. Rdd1 Nd4 34. Rc1 1/2-1/2

[Event "CP-2018-P-00007"]
[Site "LSS email"]
[Date "2018.09.27"]
[Round "?"]
[White "Fritsche, Frank"]
[Black "Krueger, Hilmar"]
[Result "1/2-1/2"]
[WhiteElo "2362"]
[BlackElo "2223"]
[PlyCount "99"]
[EventDate "2018.10.01"]
[EventType "tourn (corr)"]
[EventRounds "6"]
[EventCountry "GER"]
[SourceTitle "Corr 2022"]
[Source "ChessBase"]
[SourceDate "2021.10.24"]
[SourceVersion "1"]
[SourceVersionDate "2021.10.24"]
[SourceQuality "1"]

1. e4 c5 2. Nc3 Nc6 3. f4 g6 4. Nf3 Bg7 5. Bb5 Nd4 6. 0-0 Nxb5 7. Nxb5 d6 8. d3 Nf6 9. Qe1 Bd7 10. Nc3 0-0 11. Qh4 b5 12. f5 gxf5 13. Bh6 Bxh6 14. Qxh6 Ng4 15. Qh5 Nf6 16. Qh4 Kg7 17. Rae1 b4 18. Nd1 fxe4 19. Ng5 h6 20. Qg3 Ng4 21. Nxe4 f5 22. Ne3 Kh7 23. Nxg4 fxg4 24. Qh4 Kg6 25. h3 e5 26. Qxd8 Raxd8 27. Rxf8 Rxf8 28. hxg4 Bxg4 29. Nxd6 Rd8 30. Nc4 Kf6 31. Nxe5 Be6 32. Nf3 Bd5 33. Nd2 c4 34. Nxc4 Bxc4 35. dxc4 Rd2 36. Rf1+ Ke6 37. b3 Rxc2 38. Rf2 Rc1+ 39. Kh2 a5 40. Rd2 a4 41. bxa4 Rxc4 42. g3 Kf5 43. Kh3 Rc3 44. Rb2 Ra3 45. Rxb4 Rxa2 46. g4+ Ke5 47. Kh4 Rh2+ 48. Kg3 Rh1 49. Rb5+ Ke4 50. a5 1/2-1/2